000 00730cam a22002293a 4500
001 16760
003 PGUSA
005 20140828083346.0
008 050927s2005||||xxu|||||s|||||000 | eng d
040 _aPGUSA
_beng
042 _adc
050 4 _aDA
100 1 _aHolinshed, Raphael
245 1 0 _aChronicles of England, Scotland and Ireland (2 of 6) :
_bEngland (4 of 12) : Stephan Earle Of Bullongne
_h[electronic resource] /
_cRaphael Holinshed
260 _bProject Gutenberg,
_c2005
506 _aPublic domain in the USA.
516 _aElectronic text
653 _aGreat Britain -- History -- Stephen, 1135-1154
830 0 _aProject Gutenberg
_v16760
856 4 0 _uhttp://www.gutenberg.org/ebooks/16760
942 _cEB
999 _c246015
_d246015